| 000 | 00901nam a22002897b 4500 | ||
|---|---|---|---|
| 001 | 019720 | ||
| 003 | DO-SdBNP | ||
| 005 | 20180213145155.0 | ||
| 007 | 019720 | ||
| 008 | 040923s2004 sp | ||| ||spa | ||
| 016 | 7 | _aBPMSU | |
| 017 |
_a _b |
||
| 020 | _a8467502851 | ||
| 040 |
_aBPMSU _bspa _cBPMSU _e |
||
| 100 | 1 |
_aDrvenkar, Zoran _d1967- |
|
| 240 | 1 | 4 |
_aDer einzige Vogel, der die Kälte nicht fürchtet _lEspañol |
| 245 | 1 | 3 |
_aEl pájaro que no temía al frío / _cZoran Drvenkar ; traducción de Rosanna Terzi ; ilustraciones, Avi _h |
| 260 |
_aMadrid : _bSM, _c2004 |
||
| 300 |
_a105 p.: _bil.; _c19 cm |
||
| 490 | 1 |
_aEl barco de vapor ; _aNaranja _v170 |
|
| 700 | 1 |
_aAvi _d1962- _eils. |
|
| 700 | 0 |
_aTerzi, Rosanna _etr. |
|
| 830 | 3 |
_aEl barco de vapor. _pNaranja _v170 |
|
| 942 |
_2ddc _cBK |
||
| 945 | _aInventariado, 2018/MFF | ||
| 956 |
_aVMATEO _b10 _c20161124 _dBPMSU _f0069 |
||
| 999 |
_c12083 _d12083 |
||